01297nam a2200325 a 4500001001200000003000800012006001900020007001500039008004100054010001700095015001900112016001800131020001500149040002100164035002000185050002300205082001700228100002500245245008400270260005800354300003200412504006600444533015200510650007400662650004600736655002900782710001700811856012600828999001700954ebr10254477CaPaEBRm u cr cn|||||||||050324s2004 enkab fsb 001 0 eng  z 2005272412 aGBA4542862bnb7 z0129585252Uk z0199270821 aCaPaEBRcCaPaEBR a(OCoLC)7717441214aPR255b.C36 2004eb04a820.90012221 aCannon, Christopher.14aThe grounds of English literatureh[electronic resource] /cChristopher Cannon. aOxford ;aNew York :bOxford University Press,c2004. aviii, 237 p. :bill., maps. aIncludes bibliographical references (p. [210]-228) and index. aElectronic reproduction.bPalo Alto, Calif. :cebrary,d2013.nAvailable via World Wide Web.nAccess may be limited to ebrary affiliated libraries. 0aEnglish literatureyMiddle English, 1100-1500xHistory and criticism. 0aRomances, EnglishxHistory and criticism. 7aElectronic books.2local2 aebrary, Inc.40uhttp://site.ebrary.com/lib/rucke/Doc?id=10254477zAn electronic book accessible through the World Wide Web; click to view c35181d35181